[Event "45th FIDE Chess Olympiad Open"]
[Site "Budapest, Hungary"]
[Date "2024.09.22"]
[Round "11"]
[White "Ndahangwapo, Heskiel"]
[Black "Ortega Amarelle, Mariano"]
[Result "1/2-1/2"]
[Board "233"]
[WhiteFideId "15202020"]
[BlackFideId "3504301"]
[BlackTitle "IM"]
[WhiteElo "2011"]
[BlackElo "2453"]
[WhiteTeam "Namibia"]
[BlackTeam "Cape Verde"]
[WhiteClock "0:10:08"]
[BlackClock "0:00:33"]
[Variant "Standard"]

1. e4 {[%clk 1:30:29]}  c5 {[%clk 1:30:55]} 2. Nf3 {[%clk 1:30:37]}  d6 {[%clk 1:30:28]} 3. d4 {[%clk 1:29:45]}  cxd4 {[%clk 1:30:51]} 4. Nxd4 {[%clk 1:30:06]}  Nf6 {[%clk 1:31:15]} 5. Nc3 {[%clk 1:30:21]}  a6 {[%clk 1:31:27]} 6. Rg1 {[%clk 1:26:26]}  b5 {[%clk 1:30:01]} 7. g4 {[%clk 1:26:22]}  Bb7 {[%clk 1:30:25]} 8. Bg2 {[%clk 1:26:13]}  e6 {[%clk 1:27:58]} 9. g5 {[%clk 1:25:34]}  Nfd7 {[%clk 1:28:22]} 10. Be3 {[%clk 1:25:18]}  Nb6 {[%clk 1:28:05]} 11. e5 {[%clk 1:22:58]}  d5 {[%clk 0:45:38]} 12. Qg4 {[%clk 1:13:48]}  Bc8 {[%clk 0:43:56]} 13. O-O-O {[%clk 1:10:11]}  Be7 {[%clk 0:32:11]} 14. h4 {[%clk 1:07:15]}  Nc4 {[%clk 0:24:37]} 15. Kb1 {[%clk 1:03:30]}  b4 {[%clk 0:17:32]} 16. Ne4 {[%clk 0:48:31]}  Nxe5 {[%clk 0:15:22]} 17. Qg3 {[%clk 0:48:30]}  Nc4 {[%clk 0:14:20]} 18. h5 {[%clk 0:40:31]}  Nxe3 {[%clk 0:12:14]} 19. fxe3 {[%clk 0:40:43]}  Qb6 {[%clk 0:08:32]} 20. Nf2 {[%clk 0:27:38]}  Qd6 {[%clk 0:04:25]} 21. Qg4 {[%clk 0:23:18]}  Nc6 {[%clk 0:04:01]} 22. Nxc6 {[%clk 0:23:17]}  Qxc6 {[%clk 0:04:30]} 23. Qd4 {[%clk 0:20:13]}  Bb7 {[%clk 0:02:44]} 24. Qxg7 {[%clk 0:19:30]}  O-O-O {[%clk 0:03:12]} 25. Qxf7 {[%clk 0:18:39]}  Bxg5 {[%clk 0:03:03]} 26. Bh3 {[%clk 0:18:41]}  Bxe3 {[%clk 0:03:09]} 27. Rge1 {[%clk 0:16:32]}  d4 {[%clk 0:02:26]} 28. Bxe6+ {[%clk 0:15:41]}  Kb8 {[%clk 0:02:51]} 29. Nd3 {[%clk 0:15:43]}  Rhf8 {[%clk 0:02:05]} 30. Ne5 {[%clk 0:16:03]}  Qc5 {[%clk 0:00:38]} 31. Nd7+ {[%clk 0:16:12]}  Rxd7 {[%clk 0:00:51]} 32. Qxd7 {[%clk 0:16:35]}  Rf2 {[%clk 0:00:34]} 33. Bb3 {[%clk 0:16:10]}  h6 {[%clk 0:00:36]} 34. Qe8+ {[%clk 0:14:33]}  Ka7 {[%clk 0:00:56]} 35. Rf1 {[%clk 0:13:52]}  Qf5 {[%clk 0:00:40]} 36. Rg1 {[%clk 0:12:34]}  Qf3 {[%clk 0:00:31]} 37. a4 {[%clk 0:11:36]}  bxa3 {[%clk 0:00:53]} 38. bxa3 {[%clk 0:11:58]}  Rh2 {[%clk 0:00:33]} 39. Rdf1 {[%clk 0:10:08]}  Qxh5 {[%clk 0:00:33]} 1/2-1/2

[Event "45th FIDE Chess Olympiad Open"]
[Site "Budapest, Hungary"]
[Date "2024.09.22"]
[Round "11"]
[White "Alho, Diogo"]
[Black "Eichab, Charles"]
[Result "1-0"]
[Board "234"]
[WhiteFideId "1901559"]
[BlackFideId "15200051"]
[WhiteTitle "FM"]
[BlackTitle "CM"]
[WhiteElo "2192"]
[BlackElo "2013"]
[WhiteTeam "Cape Verde"]
[BlackTeam "Namibia"]
[WhiteClock "0:30:21"]
[BlackClock "0:00:33"]
[Variant "Standard"]

1. d4 {[%clk 1:30:56]}  Nf6 {[%clk 1:30:37]} 2. c4 {[%clk 1:31:19]}  e6 {[%clk 1:30:14]} 3. Nc3 {[%clk 1:31:41]}  Bb4 {[%clk 1:30:38]} 4. Qc2 {[%clk 1:32:01]}  O-O {[%clk 1:29:15]} 5. Nf3 {[%clk 1:32:02]}  d5 {[%clk 1:29:10]} 6. a3 {[%clk 1:30:09]}  Bxc3+ {[%clk 1:29:17]} 7. Qxc3 {[%clk 1:30:36]}  dxc4 {[%clk 1:29:26]} 8. Qxc4 {[%clk 1:30:34]}  b6 {[%clk 1:29:30]} 9. g3 {[%clk 1:28:09]}  Bb7 {[%clk 1:25:26]} 10. Bg2 {[%clk 1:27:11]}  Nbd7 {[%clk 1:24:03]} 11. O-O {[%clk 1:23:39]}  c5 {[%clk 1:23:08]} 12. Rd1 {[%clk 1:11:41]}  Bd5 {[%clk 1:19:08]} 13. Qc2 {[%clk 1:04:24]}  Rc8 {[%clk 1:10:29]} 14. Qb1 {[%clk 0:47:01]}  Be4 {[%clk 0:59:24]} 15. Qa2 {[%clk 0:47:22]}  Bd5 {[%clk 0:59:20]} 16. Qb1 {[%clk 0:45:54]}  Be4 {[%clk 0:59:04]} 17. Qa2 {[%clk 0:46:15]}  Bd5 {[%clk 0:59:29]} 18. b3 {[%clk 0:43:22]}  Ne4 {[%clk 0:58:29]} 19. Bb2 {[%clk 0:41:03]}  c4 {[%clk 0:52:45]} 20. bxc4 {[%clk 0:41:16]}  Rxc4 {[%clk 0:52:57]} 21. Qb1 {[%clk 0:41:08]}  Qa8 {[%clk 0:52:36]} 22. Qd3 {[%clk 0:39:57]}  Rfc8 {[%clk 0:48:21]} 23. Rac1 {[%clk 0:39:35]}  b5 {[%clk 0:47:23]} 24. Ne1 {[%clk 0:33:09]}  f5 {[%clk 0:40:11]} 25. f3 {[%clk 0:25:31]}  Nd6 {[%clk 0:38:16]} 26. Nc2 {[%clk 0:23:16]}  Nb6 {[%clk 0:27:37]} 27. Ne3 {[%clk 0:18:20]}  Rxc1 {[%clk 0:22:53]} 28. Bxc1 {[%clk 0:18:10]}  Qc6 {[%clk 0:18:28]} 29. Bd2 {[%clk 0:15:44]}  Nbc4 {[%clk 0:16:48]} 30. Rc1 {[%clk 0:14:53]}  g6 {[%clk 0:14:44]} 31. Bb4 {[%clk 0:13:37]}  Qb6 {[%clk 0:06:18]} 32. Kh1 {[%clk 0:06:37]}  a6 {[%clk 0:03:24]} 33. Nd1 {[%clk 0:06:18]}  Qb7 {[%clk 0:02:15]} 34. Nf2 {[%clk 0:04:13]}  Bc6 {[%clk 0:01:45]} 35. e4 {[%clk 0:03:24]}  fxe4 {[%clk 0:01:04]} 36. Nxe4 {[%clk 0:02:34]}  Nxe4 {[%clk 0:00:45]} 37. fxe4 {[%clk 0:03:01]}  Rd8 {[%clk 0:01:00]} 38. Rf1 {[%clk 0:02:11]}  Qd7 {[%clk 0:00:40]} 39. Qf3 {[%clk 0:01:15]}  Nd6 {[%clk 0:00:40]} 40. Qf4 {[%clk 0:00:40]}  Bb7 {[%clk 0:00:33]} 41. Bxd6 {[%clk 0:30:21]} 1-0

[Event "45th FIDE Chess Olympiad Open"]
[Site "Budapest, Hungary"]
[Date "2024.09.22"]
[Round "11"]
[White "Khoa, Goodwill"]
[Black "Mirulla, David"]
[Result "1-0"]
[Board "235"]
[WhiteFideId "15200264"]
[BlackFideId "2830235"]
[WhiteElo "1890"]
[BlackElo "1904"]
[WhiteTeam "Namibia"]
[BlackTeam "Cape Verde"]
[WhiteClock "0:04:59"]
[BlackClock "0:00:33"]
[Variant "Standard"]

1. Nf3 {[%clk 1:30:53]}  Nf6 {[%clk 1:30:36]} 2. c4 {[%clk 1:31:10]}  g6 {[%clk 1:30:53]} 3. g3 {[%clk 1:31:32]}  Bg7 {[%clk 1:30:52]} 4. Bg2 {[%clk 1:31:57]}  O-O {[%clk 1:30:18]} 5. O-O {[%clk 1:30:54]}  d5 {[%clk 1:28:08]} 6. cxd5 {[%clk 1:30:13]}  Nxd5 {[%clk 1:28:04]} 7. Nc3 {[%clk 1:30:15]}  c5 {[%clk 1:24:42]} 8. d4 {[%clk 1:23:35]}  cxd4 {[%clk 1:21:21]} 9. Nxd4 {[%clk 1:23:44]}  Nxc3 {[%clk 1:14:41]} 10. bxc3 {[%clk 1:23:38]}  Qa5 {[%clk 1:05:51]} 11. Qb3 {[%clk 1:20:16]}  Na6 {[%clk 1:00:41]} 12. Ba3 {[%clk 1:08:41]}  Bf6 {[%clk 0:27:16]} 13. Rfd1 {[%clk 0:49:21]}  Bd7 {[%clk 0:24:14]} 14. Qxb7 {[%clk 0:43:26]}  Qxa3 {[%clk 0:19:07]} 15. Qxd7 {[%clk 0:43:21]}  Nc5 {[%clk 0:19:06]} 16. Qg4 {[%clk 0:29:29]}  Rac8 {[%clk 0:17:40]} 17. Rdc1 {[%clk 0:27:23]}  a6 {[%clk 0:14:29]} 18. e3 {[%clk 0:25:18]}  Nd3 {[%clk 0:12:51]} 19. Rc2 {[%clk 0:19:16]}  Rxc3 {[%clk 0:12:51]} 20. Rxc3 {[%clk 0:19:27]}  Qxc3 {[%clk 0:13:14]} 21. Rd1 {[%clk 0:18:32]}  Rb8 {[%clk 0:12:28]} 22. Bf1 {[%clk 0:17:09]}  Ne5 {[%clk 0:10:14]} 23. Qe4 {[%clk 0:13:16]}  Rb2 {[%clk 0:06:45]} 24. Qa8+ {[%clk 0:11:00]}  Kg7 {[%clk 0:07:06]} 25. Qxa6 {[%clk 0:10:34]}  Ng4 {[%clk 0:06:16]} 26. Ne2 {[%clk 0:10:30]}  Qc5 {[%clk 0:04:24]} 27. Qa4 {[%clk 0:08:29]}  Nxe3 {[%clk 0:03:18]} 28. fxe3 {[%clk 0:07:55]}  Qxe3+ {[%clk 0:03:34]} 29. Kg2 {[%clk 0:08:13]}  Rxe2+ {[%clk 0:03:33]} 30. Bxe2 {[%clk 0:08:32]}  Qxe2+ {[%clk 0:03:59]} 31. Kg1 {[%clk 0:08:12]}  Bg5 {[%clk 0:02:24]} 32. Qd4+ {[%clk 0:06:56]}  e5 {[%clk 0:02:43]} 33. Qd5 {[%clk 0:05:37]}  e4 {[%clk 0:00:52]} 34. h4 {[%clk 0:04:31]}  Be3+ {[%clk 0:00:33]} 35. Kh1 {[%clk 0:04:59]} 1-0

[Event "45th FIDE Chess Olympiad Open"]
[Site "Budapest, Hungary"]
[Date "2024.09.22"]
[Round "11"]
[White "Barros, Luis"]
[Black "Nitzborn, Max Baron"]
[Result "0-1"]
[Board "236"]
[WhiteFideId "23600110"]
[BlackFideId "15200434"]
[WhiteElo "1814"]
[BlackElo "1800"]
[WhiteTeam "Cape Verde"]
[BlackTeam "Namibia"]
[WhiteClock "0:18:49"]
[BlackClock "0:54:48"]
[Variant "Standard"]

1. e4 {[%clk 1:30:54]}  c5 {[%clk 1:30:04]} 2. Nf3 {[%clk 1:30:50]}  Nc6 {[%clk 1:29:23]} 3. c4 {[%clk 1:31:05]}  g6 {[%clk 1:29:25]} 4. Nc3 {[%clk 1:31:11]}  Bg7 {[%clk 1:29:52]} 5. Be2 {[%clk 1:30:11]}  d6 {[%clk 1:28:24]} 6. d3 {[%clk 1:29:16]}  Nf6 {[%clk 1:28:49]} 7. Bg5 {[%clk 1:28:56]}  O-O {[%clk 1:29:13]} 8. O-O {[%clk 1:28:54]}  a6 {[%clk 1:28:55]} 9. Qd2 {[%clk 1:28:21]}  Rb8 {[%clk 1:20:49]} 10. h3 {[%clk 1:26:01]}  b5 {[%clk 1:19:00]} 11. cxb5 {[%clk 1:25:27]}  axb5 {[%clk 1:19:27]} 12. Bd1 {[%clk 1:24:00]}  Be6 {[%clk 1:17:18]} 13. Ne2 {[%clk 1:22:25]}  Qb6 {[%clk 1:06:01]} 14. Nf4 {[%clk 1:16:34]}  Bd7 {[%clk 1:01:10]} 15. Ne2 {[%clk 1:07:02]}  c4 {[%clk 0:56:28]} 16. Bc2 {[%clk 0:57:29]}  e5 {[%clk 0:52:10]} 17. Bxf6 {[%clk 0:53:25]}  Bxf6 {[%clk 0:52:09]} 18. dxc4 {[%clk 0:53:36]}  Nd4 {[%clk 0:49:59]} 19. Nfxd4 {[%clk 0:50:21]}  exd4 {[%clk 0:50:27]} 20. Nf4 {[%clk 0:46:38]}  bxc4 {[%clk 0:48:57]} 21. Nd5 {[%clk 0:43:06]}  Qd8 {[%clk 0:49:25]} 22. Bd1 {[%clk 0:38:59]}  d3 {[%clk 0:49:10]} 23. Rb1 {[%clk 0:38:48]}  Bc6 {[%clk 0:44:49]} 24. Nc3 {[%clk 0:35:36]}  Qa5 {[%clk 0:44:40]} 25. Bf3 {[%clk 0:34:44]}  Bg5 {[%clk 0:38:28]} 26. Qd1 {[%clk 0:33:27]}  Rb7 {[%clk 0:36:41]} 27. e5 {[%clk 0:24:45]}  d5 {[%clk 0:35:40]} 28. g3 {[%clk 0:24:07]}  Rfb8 {[%clk 0:35:51]} 29. h4 {[%clk 0:23:03]}  Bh6 {[%clk 0:36:13]} 30. e6 {[%clk 0:22:11]}  Rxb2 {[%clk 0:35:54]} 31. Rxb2 {[%clk 0:20:41]}  Rxb2 {[%clk 0:36:22]} 32. Qe1 {[%clk 0:19:49]}  Bd2 {[%clk 0:30:20]} 33. exf7+ {[%clk 0:14:12]}  Kxf7 {[%clk 0:30:45]} 34. Qe5 {[%clk 0:12:40]}  Bxc3 {[%clk 0:30:49]} 35. Qf4+ {[%clk 0:12:37]}  Bf6 {[%clk 0:30:58]} 36. h5 {[%clk 0:11:39]}  Rb7 {[%clk 0:30:02]} 37. hxg6+ {[%clk 0:11:25]}  hxg6 {[%clk 0:30:30]} 38. Kg2 {[%clk 0:10:58]}  Qc7 {[%clk 0:30:13]} 39. Qh6 {[%clk 0:09:16]}  Bg7 {[%clk 0:30:39]} 40. Qh3 {[%clk 0:08:40]}  d4 {[%clk 0:31:02]} 41. Qg4 {[%clk 0:07:20]}  Bxf3+ {[%clk 0:29:09]} 42. Qxf3+ {[%clk 0:07:37]}  Bf6 {[%clk 0:29:14]} 43. Rh1 {[%clk 0:07:12]}  Kg7 {[%clk 0:29:32]} 44. g4 {[%clk 0:06:25]}  Rb6 {[%clk 0:29:44]} 45. Qh3 {[%clk 0:03:57]}  Qc6+ {[%clk 0:28:43]} 46. Kg3 {[%clk 0:03:57]}  Qc7+ {[%clk 0:25:20]} 47. Kg2 {[%clk 0:04:07]}  Qb7+ {[%clk 0:24:56]} 48. Kg3 {[%clk 0:04:11]}  Kf7 {[%clk 0:25:17]} 49. Qh7+ {[%clk 0:02:21]}  Bg7 {[%clk 0:25:46]} 50. Qh3 {[%clk 0:27:31]}  Rb1 {[%clk 0:55:22]} 51. Rh2 {[%clk 0:26:46]}  d2 {[%clk 0:55:22]} 52. f4 {[%clk 0:22:25]}  d1=Q {[%clk 0:54:22]} 53. Rf2 {[%clk 0:22:05]}  Qe1 {[%clk 0:53:50]} 54. f5 {[%clk 0:21:04]}  Be5+ {[%clk 0:53:51]} 55. Kh4 {[%clk 0:19:40]}  Qxf2+ {[%clk 0:54:18]} 56. Kg5 {[%clk 0:18:49]}  Qf4+ {[%clk 0:54:48]} 0-1

[Event "45th FIDE Chess Olympiad Open"]
[Site "Budapest, Hungary"]
[Date "2024.09.22"]
[Round "11"]
[White "Allam, Mohamed"]
[Black "Ebosse Kingue Victor Patrick"]
[Result "1-0"]
[Board "237"]
[WhiteFideId "11501731"]
[BlackFideId "16400291"]
[WhiteTitle "CM"]
[BlackTitle "FM"]
[WhiteElo "2053"]
[BlackElo "2014"]
[WhiteTeam "Palestine"]
[BlackTeam "Cameroon"]
[WhiteClock "0:08:54"]
[BlackClock "0:02:42"]
[Variant "Standard"]

1. e4 {[%clk 1:30:50]}  c5 {[%clk 1:30:31]} 2. Nf3 {[%clk 1:31:13]}  d6 {[%clk 1:30:54]} 3. d4 {[%clk 1:31:35]}  cxd4 {[%clk 1:31:21]} 4. Nxd4 {[%clk 1:31:56]}  Nf6 {[%clk 1:31:45]} 5. Nc3 {[%clk 1:32:20]}  a6 {[%clk 1:32:09]} 6. h3 {[%clk 1:32:39]}  e5 {[%clk 1:32:09]} 7. Nf3 {[%clk 1:33:03]}  Be6 {[%clk 1:29:07]} 8. Ng5 {[%clk 1:32:37]}  b5 {[%clk 1:28:58]} 9. Nxe6 {[%clk 1:30:49]}  fxe6 {[%clk 1:29:19]} 10. a3 {[%clk 1:28:18]}  Be7 {[%clk 1:27:22]} 11. Be2 {[%clk 1:23:32]}  O-O {[%clk 1:25:02]} 12. O-O {[%clk 1:21:47]}  Nbd7 {[%clk 1:23:33]} 13. Bg4 {[%clk 1:18:52]}  Nxg4 {[%clk 1:23:42]} 14. Qxg4 {[%clk 1:19:16]}  Rf6 {[%clk 1:23:55]} 15. Rd1 {[%clk 1:17:59]}  Qc7 {[%clk 1:19:34]} 16. Be3 {[%clk 1:13:03]}  Nf8 {[%clk 1:18:12]} 17. Rd2 {[%clk 1:08:03]}  Rb8 {[%clk 1:13:44]} 18. Qd1 {[%clk 0:54:30]}  Rf7 {[%clk 1:10:01]} 19. Rd3 {[%clk 0:51:46]}  g5 {[%clk 1:01:13]} 20. Qd2 {[%clk 0:48:11]}  Rg7 {[%clk 1:00:49]} 21. Rd1 {[%clk 0:46:52]}  Rd8 {[%clk 1:00:27]} 22. f3 {[%clk 0:44:58]}  h5 {[%clk 0:51:45]} 23. Kf2 {[%clk 0:41:41]}  Ng6 {[%clk 0:48:57]} 24. g3 {[%clk 0:41:05]}  Nf4 {[%clk 0:46:57]} 25. gxf4 {[%clk 0:31:09]}  gxf4 {[%clk 0:46:25]} 26. Bxf4 {[%clk 0:30:17]}  exf4 {[%clk 0:37:14]} 27. Qxf4 {[%clk 0:29:29]}  Bg5 {[%clk 0:36:34]} 28. Qh2 {[%clk 0:28:56]}  Bh4+ {[%clk 0:36:37]} 29. Ke2 {[%clk 0:25:29]}  Bg3 {[%clk 0:35:49]} 30. Qg1 {[%clk 0:22:39]}  Kh7 {[%clk 0:25:56]} 31. Qe3 {[%clk 0:20:19]}  Qf7 {[%clk 0:23:13]} 32. Rg1 {[%clk 0:19:07]}  Rdg8 {[%clk 0:23:28]} 33. Kd1 {[%clk 0:18:33]}  Rg5 {[%clk 0:13:55]} 34. Ne2 {[%clk 0:16:19]}  Bf4 {[%clk 0:12:24]} 35. Qf2 {[%clk 0:15:40]}  Rxg1+ {[%clk 0:09:58]} 36. Nxg1 {[%clk 0:16:04]}  Rg3 {[%clk 0:10:13]} 37. c3 {[%clk 0:11:33]}  a5 {[%clk 0:06:36]} 38. Qb6 {[%clk 0:08:44]}  b4 {[%clk 0:06:00]} 39. cxb4 {[%clk 0:06:39]}  axb4 {[%clk 0:06:28]} 40. Ne2 {[%clk 0:02:56]}  Rxh3 {[%clk 0:05:59]} 41. Qxb4 {[%clk 0:00:36]}  Rh1+ {[%clk 0:04:50]} 42. Kc2 {[%clk 0:00:59]}  Rh2 {[%clk 0:04:26]} 43. Qe1 {[%clk 0:28:44]}  h4 {[%clk 0:30:26]} 44. Kb1 {[%clk 0:24:41]}  Qb7 {[%clk 0:28:13]} 45. Rc3 {[%clk 0:23:56]}  Qb5 {[%clk 0:18:38]} 46. Qg1 {[%clk 0:18:35]}  Qb7 {[%clk 0:06:34]} 47. Rc2 {[%clk 0:17:08]}  Be5 {[%clk 0:06:21]} 48. f4 {[%clk 0:14:42]}  Bxb2 {[%clk 0:03:39]} 49. Qxh2 {[%clk 0:13:10]}  Bf6+ {[%clk 0:03:15]} 50. Kc1 {[%clk 0:12:29]}  Qxe4 {[%clk 0:03:32]} 51. Qh3 {[%clk 0:10:56]}  d5 {[%clk 0:03:03]} 52. Kd2 {[%clk 0:10:14]}  Qa4 {[%clk 0:02:21]} 53. Qxe6 {[%clk 0:09:38]}  Qa5+ {[%clk 0:02:41]} 54. Kd1 {[%clk 0:09:34]}  Kg7 {[%clk 0:02:39]} 55. Nd4 {[%clk 0:08:25]}  h3 {[%clk 0:02:24]} 56. Nf5+ {[%clk 0:08:32]}  Kg6 {[%clk 0:02:42]} 57. Ne7+ {[%clk 0:08:54]} 1-0

[Event "45th FIDE Chess Olympiad Open"]
[Site "Budapest, Hungary"]
[Date "2024.09.22"]
[Round "11"]
[White "Zebaze Dongmo Loic Dylane"]
[Black "Seder, Mohammed"]
[Result "0-1"]
[Board "238"]
[WhiteFideId "16401107"]
[BlackFideId "11505567"]
[BlackTitle "FM"]
[WhiteElo "1914"]
[BlackElo "2116"]
[WhiteTeam "Cameroon"]
[BlackTeam "Palestine"]
[WhiteClock "0:14:07"]
[BlackClock "1:16:57"]
[Variant "Standard"]

1. d4 {[%clk 1:30:55]}  Nf6 {[%clk 1:30:30]} 2. Nc3 {[%clk 1:31:04]}  d5 {[%clk 1:30:37]} 3. Bf4 {[%clk 1:31:19]}  e6 {[%clk 1:30:27]} 4. Nb5 {[%clk 1:30:06]}  Bb4+ {[%clk 1:30:49]} 5. c3 {[%clk 1:30:21]}  Ba5 {[%clk 1:31:16]} 6. a4 {[%clk 1:30:26]}  a6 {[%clk 1:31:19]} 7. b4 {[%clk 1:30:46]}  Nc6 {[%clk 1:31:44]} 8. bxa5 {[%clk 1:28:34]}  axb5 {[%clk 1:32:07]} 9. axb5 {[%clk 1:28:50]}  Nxa5 {[%clk 1:32:35]} 10. e3 {[%clk 1:26:21]}  Bd7 {[%clk 1:32:55]} 11. Nf3 {[%clk 1:26:09]}  Ne4 {[%clk 1:33:20]} 12. Qc2 {[%clk 1:24:05]}  Nc4 {[%clk 1:33:05]} 13. Rxa8 {[%clk 0:57:05]}  Qxa8 {[%clk 1:33:33]} 14. Qc1 {[%clk 0:56:51]}  Qa2 {[%clk 1:30:38]} 15. Be2 {[%clk 0:56:59]}  Bxb5 {[%clk 1:29:30]} 16. Bxc7 {[%clk 0:55:18]}  O-O {[%clk 1:27:59]} 17. g4 {[%clk 0:46:55]}  Ne5 {[%clk 1:25:34]} 18. Nd2 {[%clk 0:45:18]}  Nxd2 {[%clk 1:16:59]} 19. Bxb5 {[%clk 0:29:20]}  Nef3+ {[%clk 1:15:58]} 20. Kd1 {[%clk 0:28:16]}  Qb3+ {[%clk 1:15:24]} 21. Qc2 {[%clk 0:17:33]}  Qxb5 {[%clk 1:15:50]} 22. Qa2 {[%clk 0:17:28]}  Qd3 {[%clk 1:15:48]} 23. Qc2 {[%clk 0:16:36]}  Qc4 {[%clk 1:16:14]} 24. Bd6 {[%clk 0:13:42]}  Ra8 {[%clk 1:16:34]} 25. Qb2 {[%clk 0:13:47]}  Qd3 {[%clk 1:16:51]} 26. Kc1 {[%clk 0:14:07]}  Nc4 {[%clk 1:16:57]} 0-1

[Event "45th FIDE Chess Olympiad Open"]
[Site "Budapest, Hungary"]
[Date "2024.09.22"]
[Round "11"]
[White "Michel Yunis, Christian D."]
[Black "Amba Oyon Marius Claude"]
[Result "1/2-1/2"]
[Board "239"]
[WhiteFideId "3400085"]
[BlackFideId "16400240"]
[WhiteTitle "IM"]
[BlackTitle "IM"]
[WhiteElo "2220"]
[BlackElo "1975"]
[WhiteTeam "Palestine"]
[BlackTeam "Cameroon"]
[WhiteClock "0:04:27"]
[BlackClock "0:01:01"]
[Variant "Standard"]

1. d4 {[%clk 1:30:43]}  Nf6 {[%clk 1:30:43]} 2. Nf3 {[%clk 1:30:30]}  g6 {[%clk 1:30:24]} 3. c4 {[%clk 1:26:54]}  c5 {[%clk 1:29:54]} 4. Nc3 {[%clk 1:25:48]}  cxd4 {[%clk 1:24:05]} 5. Nxd4 {[%clk 1:24:35]}  a6 {[%clk 1:24:23]} 6. e4 {[%clk 1:22:22]}  d6 {[%clk 1:24:09]} 7. Be2 {[%clk 1:21:59]}  Bg7 {[%clk 1:24:19]} 8. O-O {[%clk 1:20:41]}  O-O {[%clk 1:23:31]} 9. Be3 {[%clk 1:20:15]}  Nc6 {[%clk 1:21:31]} 10. Rc1 {[%clk 1:18:40]}  Bd7 {[%clk 1:20:21]} 11. Nb3 {[%clk 1:14:41]}  Rb8 {[%clk 1:13:40]} 12. f3 {[%clk 1:06:04]}  h5 {[%clk 1:08:28]} 13. c5 {[%clk 0:55:29]}  Be6 {[%clk 0:58:18]} 14. cxd6 {[%clk 0:51:52]}  exd6 {[%clk 0:57:12]} 15. Nd4 {[%clk 0:44:48]}  Bd7 {[%clk 0:54:44]} 16. Qd2 {[%clk 0:43:19]}  Ne5 {[%clk 0:45:05]} 17. Nc2 {[%clk 0:31:48]}  Be6 {[%clk 0:37:48]} 18. Nd5 {[%clk 0:25:23]}  Bxd5 {[%clk 0:33:43]} 19. exd5 {[%clk 0:25:48]}  Re8 {[%clk 0:33:03]} 20. Rfe1 {[%clk 0:24:03]}  Rc8 {[%clk 0:31:58]} 21. b3 {[%clk 0:24:14]}  Kh7 {[%clk 0:29:33]} 22. Bf1 {[%clk 0:24:29]}  Qd7 {[%clk 0:28:13]} 23. h3 {[%clk 0:23:41]}  Qd8 {[%clk 0:27:48]} 24. a4 {[%clk 0:19:07]}  h4 {[%clk 0:27:12]} 25. a5 {[%clk 0:17:07]}  Nh5 {[%clk 0:26:26]} 26. f4 {[%clk 0:15:01]}  Nd7 {[%clk 0:25:53]} 27. Nd4 {[%clk 0:12:31]}  Rxc1 {[%clk 0:23:20]} 28. Rxc1 {[%clk 0:12:48]}  Nc5 {[%clk 0:23:29]} 29. Bc4 {[%clk 0:12:08]}  Ne4 {[%clk 0:22:01]} 30. Qd1 {[%clk 0:09:29]}  Qxa5 {[%clk 0:20:59]} 31. f5 {[%clk 0:09:56]}  Nc3 {[%clk 0:10:18]} 32. Qf3 {[%clk 0:09:10]}  Rxe3 {[%clk 0:10:41]} 33. Qxe3 {[%clk 0:09:04]}  Qc5 {[%clk 0:11:10]} 34. fxg6+ {[%clk 0:08:36]}  fxg6 {[%clk 0:11:19]} 35. Nc2 {[%clk 0:08:38]}  Qxe3+ {[%clk 0:10:09]} 36. Nxe3 {[%clk 0:09:07]}  Bd4 {[%clk 0:08:10]} 37. Kf2 {[%clk 0:04:10]}  b5 {[%clk 0:08:23]} 38. Rxc3 {[%clk 0:01:04]}  Bxc3 {[%clk 0:08:24]} 39. Bd3 {[%clk 0:00:53]}  Nf4 {[%clk 0:07:32]} 40. Be4 {[%clk 0:01:22]}  Bd4 {[%clk 0:07:30]} 41. Kf3 {[%clk 0:01:51]}  Bxe3 {[%clk 0:05:11]} 42. Kxe3 {[%clk 0:29:10]}  Nh5 {[%clk 0:35:30]} 43. b4 {[%clk 0:24:34]}  Kg7 {[%clk 0:35:14]} 44. Bf3 {[%clk 0:24:42]}  Nf6 {[%clk 0:34:02]} 45. g4 {[%clk 0:18:41]}  hxg3 {[%clk 0:27:54]} 46. Kf4 {[%clk 0:18:57]}  Nh5+ {[%clk 0:28:10]} 47. Kg5 {[%clk 0:18:45]}  Kf7 {[%clk 0:27:42]} 48. h4 {[%clk 0:13:08]}  Kf8 {[%clk 0:18:49]} 49. Be4 {[%clk 0:11:46]}  Ke7 {[%clk 0:18:49]} 50. Bf3 {[%clk 0:11:46]}  Kf7 {[%clk 0:18:16]} 51. Be4 {[%clk 0:11:35]}  Nf6 {[%clk 0:17:12]} 52. Bf3 {[%clk 0:11:13]}  Nd7 {[%clk 0:15:26]} 53. Be4 {[%clk 0:10:04]}  Ne5 {[%clk 0:15:39]} 54. Kf4 {[%clk 0:10:13]}  Nd3+ {[%clk 0:15:21]} 55. Kxg3 {[%clk 0:08:13]}  Nxb4 {[%clk 0:15:43]} 56. Kf4 {[%clk 0:08:36]}  Kf6 {[%clk 0:15:58]} 57. Ke3 {[%clk 0:09:02]}  Ke5 {[%clk 0:15:19]} 58. Bxg6 {[%clk 0:09:19]}  Nxd5+ {[%clk 0:15:30]} 59. Kd2 {[%clk 0:09:32]}  a5 {[%clk 0:14:30]} 60. Be8 {[%clk 0:09:09]}  Nc7 {[%clk 0:14:03]} 61. Bd7 {[%clk 0:08:50]}  Kf6 {[%clk 0:14:04]} 62. Kc3 {[%clk 0:07:10]}  Kg6 {[%clk 0:14:19]} 63. Bg4 {[%clk 0:07:36]}  Kh6 {[%clk 0:14:04]} 64. Be2 {[%clk 0:07:59]}  b4+ {[%clk 0:09:31]} 65. Kb3 {[%clk 0:07:04]}  Nd5 {[%clk 0:07:01]} 66. Bf3 {[%clk 0:06:36]}  Nc3 {[%clk 0:07:10]} 67. Bg4 {[%clk 0:07:05]}  d5 {[%clk 0:07:17]} 68. Bf3 {[%clk 0:07:33]}  Kg6 {[%clk 0:05:33]} 69. Bg4 {[%clk 0:07:39]}  Ne4 {[%clk 0:05:40]} 70. Ka4 {[%clk 0:05:35]}  Nf2 {[%clk 0:04:13]} 71. Be6 {[%clk 0:03:16]}  d4 {[%clk 0:01:38]} 72. Kxa5 {[%clk 0:03:11]}  d3 {[%clk 0:00:57]} 73. Kxb4 {[%clk 0:03:36]}  d2 {[%clk 0:01:10]} 74. Bb3 {[%clk 0:03:59]}  d1=Q {[%clk 0:00:35]} 75. Bxd1 {[%clk 0:04:27]}  Nxd1 {[%clk 0:01:01]} 1/2-1/2